(Two hundred fifty one) study secrets : (Record no. 103262)

MARC details
000 -LEADER
fixed length control field 00684nam a22001937a 4500
005 - DATE AND TIME OF LATEST TRANSACTION
control field 20160909173149.0
010 ## - LCCN (DPL NO)
LC control number ENG-115992
020 ## - INTERNATIONAL STANDARD BOOK NUMBER
International Standard Book Number 9789381384794
Terms of availability 195.00
035 ## - SYSTEM CONTROL NUMBER
System control number EN-99524
037 ## - SOURCE OF ACQUISITION
Source of stock number/acquisition DBAD/PUB
082 ## - DEWEY DECIMAL CLASSIFICATION NUMBER
Classification number 371.30281
100 ## - MAIN ENTRY--PERSONAL NAME
Personal name Narayan,B.K.
245 ## - TITLE STATEMENT
Title (Two hundred fifty one) study secrets :
Statement of responsibility, etc by B.K. Narayan [and] Preeti Narayan
Remainder of title an authentic intellectual analysis of the most emotinal spiritual and religious topic / /
260 ## - PUBLICATION, DISTRIBUTION, ETC. (IMPRINT)
Place of publication, distribution, etc New Delhi
Name of publisher, distributor, etc V&S Publishers
Date of publication, distribution, etc 2016
270 ## - ADDRESS
Address F-2/16,Ansari Road,Daryaganj
City New Delhi
Postal code 110002
300 ## - PHYSICAL DESCRIPTION
Extent 133p.
Dimensions 24cm (pbk)
700 ## - ADDED ENTRY--PERSONAL NAME
Personal name Prasoon,Shrikant
942 ## - ADDED ENTRY ELEMENTS (KOHA)
Source of classification or shelving scheme Dewey Decimal Classification
Item type English Books
Classification part 371.30281
Call number suffix NAR
Holdings
Withdrawn status Lost status Not for loan Collection code Home library Current library Date acquired Source of acquisition Cost, normal purchase price Full call number Barcode Copy number Cost, replacement price Koha item type
      Non-fiction Central Library Central Library 09/09/2016 DBAD 195.00 371.30281 NAR EN-99524 1 195.00 English Books

© Delhi Public Library
Hit Counter
free hit counter